|
|
|
|
| LEADER |
00884nam a2200241 a 4500 |
| 001 |
GR-MES15485 |
| 008 |
100120s mau b 001 0 eng d |
| 020 |
|
|
|a 0618706879
|
| 020 |
|
|
|a 9780618706
|
| 040 |
|
|
|a GrPaTEI
|b gre
|c GR-PaULI
|
| 040 |
|
|
|a GrPaTEI
|b gre
|c GR-PaULI
|
| 082 |
|
0 |
|a 658
|2 22
|
| 100 |
1 |
|
|a Kreitner, Robert
|
| 245 |
1 |
0 |
|a Management /
|c Robert Kreitner.
|
| 250 |
|
|
|a 10th ed.
|
| 260 |
|
|
|a Boston :
|b Houghton Mifflin Co,
|c c2007
|
| 300 |
|
|
|a 532 σ. :
|b εικ. ;
|c 26 εκ.
|
| 504 |
|
|
|a Περιλαμβάνει βιβλιογραφίες και ευρετήριο.
|
| 650 |
|
0 |
|a Management
|
| 942 |
|
|
|2 ddc
|
| 952 |
|
|
|0 0
|1 0
|2 ddc
|4 0
|6 658_000000000000000_KRE
|7 0
|9 273296
|a MSLG
|b MSLG
|c BSC
|d 2021-01-17
|e 24
|f 0
|g 0.00
|l 0
|o 658 KRE
|p 2420000024554
|r 2021-01-17 00:00:00
|t 1
|w 2021-01-17
|y BK15
|x 20100120 0 1
|x GrPaTEI
|
| 971 |
|
|
|a .b25815349
|b 15-04-20
|c 13-09-16
|
| 999 |
|
|
|c 158241
|d 158241
|